000 01614cam a22004454i 4500
003 PE-LiUPU
005 20250731173127.0
008 150623s r 000 0 d
020 _a0937958174
035 _a(Sirsi) i9780937958179
040 _aPE-LiUPU
_bspa
_cPE-LiUPU
_erda
049 _aPRUA
082 0 4 _a220.52
_bB94
_221
100 1 _aBurton, Barry D.,
_eautor.
245 1 0 _aLet's weigh the evidence /
_cBarry D. Burton.
264 1 _aChino, California :
_bChick Publications,
_c1983.
300 _a95 páginas :
_bilustraciones, gráficos ;
_c19 centímetros
336 _atext
_2rdacontent
337 _aunmediated
_2rdamedia
338 _avolume
_2rdacarrier
505 0 _aFaith. Doubt and confusion. Doctrines (Differences). The living Bible compared. Omissions. Where did our King James Bible come from?. Logic. Copyrigts. Danger. It takes guts to stand. If you area a preacher.
526 _aSEG42
526 _aSEG41
526 _aSEG40
526 _aSEG39
526 _aP94
526 _aP87
526 _aP86
526 _aP85
526 _aP77
526 _aP76
526 _aP35
650 0 4 _aVersiones de la Biblia.
942 _2ddc
_cBOOK
949 _a220.52 B94
_wDEWEY
_c1
_i51300
_lCCODEBUL1
_mBUL
_p10.00
_r0
_sY
_tBOOK
_u2015-6-24
_xTEOLOGIA
_PP35
_0COMPRA
_o.STAFF. Colección General
994 _aC0
_bPEPRU
596 _a1
999 _a220.52 B94
_wDEWEY
_c33013
_i51300
_f2021-11-9
_g5
_lCCODEBUL1
_mBUL
_p10.00
_r0
_sY
_tBOOK
_u2015-6-24
_xTEOLOGIA
_PP35
_0COMPRA
_o.STAFF. Colección General
_d33013
980 _81
_gALBERTO SANCHEZ Responsable de Automatización